| 000 | 01365nam a2200205 4500 | ||
|---|---|---|---|
| 005 | 20250329165505.0 | ||
| 008 | 190415s2019 000 0 eng d | ||
| 040 |
_aCO-CtgCURN _bspa _ccoctgcurn |
||
| 082 | 0 |
_aTCS 2019 _bH433 |
|
| 100 | 1 | _aHerrera Diaz, Javier David. | |
| 245 | 1 | 3 |
_aEl sistema de información contable de los hoteles en cartagena / _cJavier David Herrera Diaz. |
| 260 |
_aCartagena de Indias : _bCorporación Universitaria Rafael Nuñez, _c2019. |
||
| 504 | _aTrabajo de grado (Contabilidad sistematizada).Corporación Universitaria Rafael Nuñez. Facultad de Ciencias contables y administrativas.contabilidad Sistematizada.2019. | ||
| 520 | _aEn el presente ensayo se describe el sistema de información contable de los hoteles en Cartagena. Partiendo de identificar elementos de Contabilidad como sistema de información, para indicar el sistema contable de los hoteles, el marco de este trabajo es referir como aplica este sistema. | ||
| 650 | 0 |
_aContabilidad sistematizada _vTesis y disertaciones academicas. |
|
| 700 | 1 |
_aGuerrero Miguel. _vAsesor. |
|
| 856 |
_uhttps://unicurn.sharepoint.com/:b:/s/biblioteca/EbYJSZXV3JZKqqccEqEqRWYBg9nXfGlxk0l_0vPtm5OegA?e=dzj4Us _zClick aqui para ver el recurso en texto completo |
||
| 942 |
_2ddc _cTG _cTG _hTCS 2019 _iH433 |
||
| 999 |
_c5757 _d5757 |
||